<?xml version="1.0" encoding="UTF-8"?>
<collection xmlns="http://www.loc.gov/MARC21/slim">
 <record>
  <leader>00476nam a22001455a 4500</leader>
  <controlfield tag="001">EHU.bham019547</controlfield>
  <controlfield tag="008">130507b198-##################000#0#####d</controlfield>
  <controlfield tag="005">20240809081605.0</controlfield>
  <datafield tag="245" ind1="1" ind2="0">
   <subfield code="a">Conversación en la catedral /</subfield>
   <subfield code="c">Mario Vargas Llosa.</subfield>
  </datafield>
  <datafield tag="260" ind1=" " ind2=" ">
   <subfield code="a">Buenos Aires :</subfield>
   <subfield code="b">Sudamericana-Planeta,.</subfield>
  </datafield>
  <datafield tag="100" ind1="1" ind2=" ">
   <subfield code="a">Vargas Llosa, Mario</subfield>
  </datafield>
  <datafield tag="082" ind1="P" ind2="E">
   <subfield code="a">863.4</subfield>
  </datafield>
  <datafield tag="653" ind1=" " ind2=" ">
   <subfield code="a">Novela peruana-1911-</subfield>
  </datafield>
  <datafield tag="653" ind1=" " ind2=" ">
   <subfield code="a">Literatura peruana</subfield>
  </datafield>
  <datafield tag="859" ind1=" " ind2=" ">
   <subfield code="a">AR-BHAM</subfield>
   <subfield code="b">BIB. HUMANIDADES - General</subfield>
   <subfield code="h">PE863.4</subfield>
   <subfield code="i">V426-2A2</subfield>
   <subfield code="k">PE</subfield>
   <subfield code="p">79.87</subfield>
   <subfield code="t">Ej.1</subfield>
  </datafield>
 </record>
</collection>
